Objetivos Nacionales

Bibliographic Details
Main Author: Gonzl̀ez Carvajal, Pedro Juan
Format: eBook
Language:Spanish
Subjects:
Online Access:Acceso restringido

MARC

LEADER 00000nam a22000007a 4500
005 20200602145737.0
007 cr|||| ||||
008 200602s2020 co |||||s|||| 00||0 spa d
020 |a 978-958-57192-6-2 
035 |a 31672 
040 |a vLex 
090 |c 10491  |d 10491 
100 1 |a Gonzl̀ez Carvajal, Pedro Juan 
245 1 0 |a Objetivos Nacionales  |h [Recurso electrn̤ico] /  |c Pedro Juan Gonzl̀ez Carvajal 
256 |a Servicio en ln̕ea 
300 |a 1 recurso electrn̤ico 
500 |a Una de las preguntas ms̀ recurrentes en el anl̀isis acerca de la conformacin̤ de los grupos humanos, es aquella que se refiere al motivo primigenio por el cual esos humanos deciden estar juntos, ya por necesidad, ya por conviccin̤, ya por obligacin̤, ya porque la fuerza de los acontecimientos los llevaron a ese punto. Bajo la p̤tica de la Geopolt̕ica resulta verdaderamente esclarecedor, que son solamente aquellos conglomerados humanos, ubicados en diferentes umbrales de tiempo, que han definido unos objetivos comunes hacia los cuales encaminan y encausan sus esfuerzos, son los que consiguen resultados en beneficio del conjunto y viabilz̕an sus distintos proyectos. Estos grupos humanos organizados, que tienen y consiguen objetivos, alcanzan usualmente el poder, y en su ejercicio son capaces de darle continuidad y viabilidad a su particular proyecto geopolt̕ico. El Proyecto Geopolt̕ico parte de la definicin̤ de unos objetivos a donde hay que llevar a la nacin̤, que deben ser definidos por la polt̕ica y que deben estar respaldados por el poder militar legal y formalmente constituido. Los objetivos ayudan a preparar el recorrido que se debe transitar hacia el futuro. En este orden de ideas, recordemos el pensamiento de Vc̕tor Hugo, "El futuro tiene muchos nombres: para los db̌iles es lo inalcanzable. Para los temerosos, lo desconocido. Para los valientes, es la oportunidad. El desarrollo del Proyecto de Investigacin̤ pretendi ̤cubrir simultǹeamente varios frentes de anl̀isis. Se parti ̤de un marco general sobre la idea presente de Geopolt̕ica, haciendo ňfasis en la identificacin̤ y formulacin̤ de los principios que la rigen, Al reconocer que la nocin̤ de Geopolt̕ica est ̀asociada y limitada a la nocin̤ de Estado-Nacin̤, se determinaron las variables y los elementos que permiten su existencia. Se presenta un marco referencia de las condiciones que aparecen como nuevas a la luz de los procesos de Integracin̤ y de Globalizacin̤, tratando de convalidar el comportamiento de los principios de la Geopolt̕ica ante las condiciones nuevas. 
506 1 |a Disponible solo en los productos indicados  |d vLex Global  |d vLex Global (Academic Edition, excluding Law Schools)  |d vLex Global (U.S. Academic Edition, Law Schools)  |d vLex Global (U.S. Academic Edition, excluding Law Schools)  |d vLex Global (Academic Edition, Law Schools) 
650 0 4 |a Defensa  |z Colombia 
740 0 |a vLex Libros (Servicio en ln̕ea) 
856 4 0 |u http://vlex.com/source/objetivos-nacionales-31672  |z Acceso restringido 
942 |c BOOK 
999 0 |a Defending